[Event "1.FrauenBL 2016-17"]
[Site "Berlin"]
[Date "2017.04.29"]
[Round "11.6"]
[White "Mader, Manuela"]
[Black "Kazarian, Anna-Maja"]
[Result "1-0"]
[WhiteElo "2219"]
[BlackElo "2257"]
[Annotator "NA"]
[PlyCount "98"]
[EventDate "2017.??.??"]
[EventType "team-tourn"]
[EventCountry "GER"]
[SourceTitle "playchess.com"]
[Source "ChessBase"]
[SourceQuality "1"]
[WhiteTeam "Karlsruher SF"]
[BlackTeam "Rodewischer SM"]
[TimeControl "40/6000+30:3000+30"]

1. e4 {[%emt 1:30:28]} c5 {[%emt 1:30:28]} 2. c3 {[%emt 1:30:53]} d5 {[%emt 1:30:49]} 3. exd5 {[%emt 1:31:19]} Qxd5 {[%emt 1:31:15]} 4. d4 {[%emt 1:31:41]} Nc6 {[%emt 1:30:26]} 5. Nf3 {[%emt 1:30:26]} Bg4 {[%emt 1:30:17]} 6. dxc5 {[%emt 1:32:02]} Qxd1+ {[%emt 1:29:51]} 7. Kxd1 {[%emt 1:32:27]} O-O-O+ {[%emt 1:30:01] B22: Sicilian: 2 c3} (7... e5 8. b4 a5 9. b5 Na7 10. Be3 Ne7 11. Kc2 f6 12. a4 Nd5 13. c6 Bf5+ 14. Kc1 Nxe3 15. cxb7 {0-1 (78) Zhigalko,S (2678)-Al Modiahki,M (2549) Dubai 2014}) 8. Nbd2 {[%emt 1:30:01]} e5 {[%emt 1:20:31]} 9. b4 {[%emt 1:28:15]} e4 {[%emt 1:21:45]} (9... Nf6 $14) 10. h3 {[%emt 1:21:21]} Bf5 {[%emt 0:59:58] [#]} 11. g4 $1 {[%emt 0:59:58]} exf3 {[%emt 0:59:51]} 12. gxf5 {[%emt 1:17:08]} Be7 $146 {[%emt 1:17:08]} (12... Nge7 13. Kc2 Nxf5 14. Nxf3 Be7 15. Bd3 {1-0 (30) Michalek,J (2365)-Vozka,P (2299) Czechia 2001}) 13. Kc2 {[%emt 1:13:56]} Bf6 {[%emt 0:55:16]} 14. a3 {[%emt 1:07:13]} ({Not} 14. Nxf3 Nxb4+ 15. cxb4 Bxa1 $11) 14... Nge7 {[%emt 0:53:35]} 15. Nxf3 {[%emt 1:01:20]} Nd5 {[%emt 0:48:24]} 16. Bd2 {[%emt 0:54:11]} Rhe8 {[%emt 0:46:53]} 17. Bc4 {[%emt 0:46:53]} Re4 {[%emt 0:43:19]} 18. Bd3 {[%emt 0:48:13]} Re7 {[%emt 0:42:51]} 19. Rae1 {[%emt 0:40:48]} Red7 {[%emt 0:41:41]} 20. Bc4 {[%emt 0:35:59]} h6 {[%emt 0:36:33]} 21. Re2 {[%emt 0:35:20]} a6 {[%emt 0:26:57]} 22. Rhe1 {[%emt 0:33:46]} Nce7 {[%emt 0:33:46]} 23. Kb3 {[%emt 0:23:40]} Nxf5 {[%emt 0:23:28]} 24. Ne5 {[%emt 0:23:28]} Re7 {[%emt 0:21:18]} (24... Bxe5 $16 25. Rxe5 Nh4) 25. Ng4 {[%emt 0:10:27]} Bh4 {[%emt 0:18:57]} 26. Bd3 {[%emt 0:08:34]} g6 {[%emt 0:17:34]} 27. Bxf5+ {[%emt 0:17:34]} gxf5 {[%emt 0:18:03]} 28. Nxh6 {[%emt 0:08:28]} Rxe2 {[%emt 0:17:23]} 29. Rxe2 {[%emt 0:08:54]} f4 {[%emt 0:15:42]} 30. Nxf7 {[%emt 0:08:18]} Rf8 {[%emt 0:16:04]} 31. Nd6+ {[%emt 0:06:52]} Kc7 {[%emt 0:15:53]} 32. c4 {[%emt 0:06:44]} f3 {[%emt 0:16:19]} 33. Re8 {[%emt 0:02:04]} ({Don't choose} 33. cxd5 $2 fxe2 34. b5 Bxf2 35. b6+ Kb8 $19) 33... Rxe8 {[%emt 0:11:28]} 34. Nxe8+ {[%emt 0:02:29]} Kd8 {[%emt 0:02:29]} 35. cxd5 {[%emt 0:11:53]} Bxf2 {[%emt 0:12:16]} 36. Nf6 {[%emt 0:01:58]} Bxc5 {[%emt 0:12:12]} 37. Ne4 {[%emt 0:12:12]} f2 {[%emt 0:02:22]} 38. Nxf2 {[%emt 0:02:49]} Bxf2 {[%emt 0:12:58]} 39. Kc4 {[%emt 0:01:35]} Kd7 {[%emt 0:11:12]} 40. a4 {[%emt 0:00:54]} Bg3 {[%emt 0:09:49]} 41. Bg5 {[%emt 0:00:08]} Kd6 {[%emt 0:09:28]} 42. h4 {[%emt 0:28:40]} b5+ {[%emt 0:38:50]} 43. axb5 {[%emt 0:29:02]} axb5+ {[%emt 0:39:16]} 44. Kxb5 {[%emt 0:39:16]} Kxd5 {[%emt 0:28:35]} 45. h5 {[%emt 0:25:45]} Be5 {[%emt 0:37:43]} 46. h6 {[%emt 0:37:43]} Ke6 {[%emt 0:38:11]} 47. Bd2 {[%emt 0:38:11]} Z0 {[%emt 0:21:03]} 48. Kc5 {[%emt 0:21:03] Bc1 0:21:03} Bg7 {[%emt 0:21:27] Kf7 0:37:47} 49. b5 {[%emt 0:21:50] Bf4 0:36:32 b6 0:22:09 Kg6 0:36:47 Kc6 0:22:15 Kh7 0:22:15 b7 0:21:30 Kg6 0:21:30} Kd7 {[%emt 0:36:48] Kh7 0:36:48 Kc8 0:22:24} 1-0

[Event "1.FrauenBL 2016-17"]
[Site "Berlin"]
[Date "2017.04.29"]
[Round "11.6"]
[White "Bluebaum, Bettina"]
[Black "Dietrich, Mareike"]
[Result "1-0"]
[WhiteElo "1987"]
[BlackElo "1712"]
[Annotator "NA"]
[PlyCount "75"]
[EventDate "2017.??.??"]
[EventType "team-tourn"]
[EventCountry "GER"]
[SourceTitle "playchess.com"]
[Source "ChessBase"]
[SourceQuality "1"]
[WhiteTeam "Hamburger SK"]
[BlackTeam "SV Medizin Erfurt"]
[TimeControl "40/6000+30:3000+30"]

1. d4 {[%emt 1:30:30]} Nf6 {[%emt 1:30:27]} 2. c4 {[%emt 1:30:51]} g6 {[%emt 1:30:51]} 3. Nc3 {[%emt 1:31:14]} Bg7 {[%emt 1:31:15]} 4. e4 {[%emt 1:31:30]} d6 {[%emt 1:31:41]} 5. Nf3 {[%emt 1:31:52]} O-O {[%emt 1:31:52]} 6. Be2 {[%emt 1:32:05]} e5 {[%emt 1:32:27]} 7. Be3 {[%emt 1:32:33]} Ng4 {[%emt 1:32:33]} 8. Bg5 {[%emt 1:32:46]} f6 {[%emt 1:32:52]} 9. Bh4 {[%emt 1:32:43]} g5 {[%emt 1:32:43]} 10. Bg3 {[%emt 1:33:05]} Nh6 {[%emt 1:33:25]} 11. h3 {[%emt 1:26:39]} Nc6 {[%emt 1:26:39]} 12. d5 {[%emt 1:24:14] E92: King's Indian: Classical: 6 Be2 e5: 7 dxe5, 7 Be3 and Petrosian System without 7...Nbd7} Ne7 {[%emt 1:31:29]} 13. Nd2 {[%emt 1:22:32]} f5 {[%emt 1:26:19]} (13... Ng6 14. Bg4 f5 15. exf5 Nxf5 16. Nde4 Nf4 17. Rg1 h6 18. Qd2 h5 19. Bxf5 Bxf5 {½-½ (56) Postny,E (2631)-Saric,I (2628) Bastia 2013}) 14. f3 {[%emt 1:22:48]} Nf7 $146 {[%emt 1:22:48]} (14... Ng6 15. Qc2 g4 16. hxg4 fxg4 17. O-O-O Nf4 18. Rh2 Qg5 {½-½ (50) Spiess,G (2427)-Uhlmann,W (2412) Germany 2009}) 15. Qc2 {[%emt 1:15:30]} Bd7 {[%emt 1:17:50]} 16. Bf2 {[%emt 1:09:36]} c5 {[%emt 1:11:40]} 17. h4 {[%emt 1:00:38]} g4 {[%emt 0:48:19]} 18. h5 {[%emt 0:57:22]} a6 {[%emt 0:40:56]} 19. Bh4 {[%emt 0:53:49]} Qe8 {[%emt 0:40:10]} 20. Bxe7 {[%emt 0:52:33]} Qxe7 {[%emt 0:39:43]} 21. exf5 {[%emt 0:52:57]} g3 {[%emt 0:36:24]} (21... gxf3 $11 22. Bxf3 (22. gxf3 Nh6 23. Bd3 Nxf5 24. Bxf5 Bxf5 $17) 22... e4 23. Bxe4 (23. Qxe4 Qg5 24. Qe2 Rae8 $17) 23... b5) 22. Bd3 {[%emt 0:49:57]} Ng5 {[%emt 0:32:07]} 23. Ne2 $18 {[%emt 0:48:26]} Nf7 {[%emt 0:28:10]} 24. Rh3 {[%emt 0:32:43]} Nh6 {[%emt 0:32:43]} 25. Nxg3 {[%emt 0:28:14]} Qf7 {[%emt 0:28:14]} 26. O-O-O {[%emt 0:21:31]} Nxf5 {[%emt 0:22:16]} 27. Nxf5 {[%emt 0:21:30]} Bxf5 {[%emt 0:22:46]} 28. Bxf5 {[%emt 0:22:46]} Qxf5 {[%emt 0:21:29]} 29. Ne4 {[%emt 0:23:07]} Bh6+ {[%emt 0:20:22]} 30. Kb1 {[%emt 0:21:54]} Rad8 {[%emt 0:19:01]} 31. Rg1 {[%emt 0:19:01]} Be3 {[%emt 0:16:33]} 32. g4 {[%emt 0:11:49]} Qf7 {[%emt 0:15:16]} 33. Rg2 {[%emt 0:12:02]} b5 {[%emt 0:13:24]} 34. Qe2 {[%emt 0:11:05]} Qf4 {[%emt 0:11:38]} 35. g5 {[%emt 0:10:51]} bxc4 {[%emt 0:10:21]} 36. Rg4 {[%emt 0:10:21]} Z0 {[%emt 0:10:59] Rf5 0:10:59} 37. Qd1 {[%emt 0:10:59]} Bc1 {[%emt 0:10:59]} 38. Rh1 {[%emt 0:10:59] Qc1 0:10:59} 1-0

[Event "1.FrauenBL 2016-17"]
[Site "Berlin"]
[Date "2017.04.29"]
[Round "11.7"]
[White "Korenova, Martina"]
[Black "Hund, Barbara"]
[Result "1-0"]
[WhiteElo "2154"]
[BlackElo "2127"]
[Annotator "NA"]
[PlyCount "93"]
[EventDate "2017.??.??"]
[EventType "team-tourn"]
[EventCountry "GER"]
[SourceTitle "playchess.com"]
[Source "ChessBase"]
[SourceQuality "1"]
[WhiteTeam "Rodewischer SM"]
[BlackTeam "Karlsruher SF"]
[TimeControl "40/6000+30:3000+30"]

1. d4 {[%emt 1:30:27]} Nf6 {[%emt 1:30:20]} 2. c4 {[%emt 1:30:36]} e6 {[%emt 1:30:39]} 3. g3 {[%emt 1:30:39]} Bb4+ {[%emt 1:30:39]} 4. Bd2 {[%emt 1:30:23]} Qe7 {[%emt 1:30:21]} 5. Bg2 {[%emt 1:30:33]} Nc6 {[%emt 1:29:26]} 6. Nf3 {[%emt 1:25:46]} Ne4 {[%emt 1:23:31]} 7. O-O {[%emt 1:25:27]} O-O {[%emt 1:22:17] E11: Bogo-Indian} (7... Nxd2 8. Nbxd2 O-O 9. Nb3 b6 10. Rc1 Rb8 11. a3 Bd6 12. e4 Qd8 13. e5 Be7 14. d5 Na5 15. Nbd2 {½-½ (54) Danielian,E (2484)-Melia,S (2410) Batumi 2012}) 8. a3 {[%emt 1:25:17]} Bxd2 {[%emt 1:19:47]} 9. Nfxd2 $146 {[%emt 1:24:27]} (9. Nbxd2 f5 10. e3 d5 11. cxd5 exd5 12. Qb3 Qd6 13. Rac1 Ne7 14. Nxe4 fxe4 15. Ne5 {½-½ (61) De Mattos,C (1800)-Dacak,F (1698) Foz do Iguacu 2015}) 9... Nxd2 {[%emt 1:19:19]} 10. Qxd2 {[%emt 1:24:54]} d6 {[%emt 1:18:45]} 11. Nc3 {[%emt 1:22:05]} e5 {[%emt 1:22:05]} 12. Nd5 {[%emt 1:21:47]} Qd8 {[%emt 1:12:23]} 13. e3 {[%emt 1:21:11]} Be6 {[%emt 1:09:46]} 14. Rfe1 {[%emt 1:15:32]} Rb8 {[%emt 1:04:51]} 15. b4 {[%emt 1:13:09]} Ne7 {[%emt 1:01:30]} 16. e4 {[%emt 1:05:43]} (16. dxe5 $14 dxe5 17. Qc3) 16... Nc6 {[%emt 0:53:49]} 17. dxe5 {[%emt 1:02:40]} dxe5 {[%emt 0:53:10]} ({But not} 17... Nxe5 $6 18. Rac1 $14) 18. Rad1 {[%emt 0:58:52]} Nd4 {[%emt 0:49:35]} 19. Qc3 {[%emt 0:59:06]} c6 {[%emt 0:43:24]} 20. Ne3 {[%emt 0:59:31]} Qb6 {[%emt 0:42:23]} 21. Nf5 {[%emt 0:42:23]} Bxf5 {[%emt 0:34:58]} 22. exf5 {[%emt 0:55:19]} f6 {[%emt 0:55:19]} 23. c5 {[%emt 0:55:14]} Qc7 {[%emt 0:33:54]} 24. f4 {[%emt 0:33:54]} Rbd8 {[%emt 0:44:57]} 25. Qc4+ {[%emt 0:43:51]} Qf7 {[%emt 0:27:45]} 26. Qxf7+ {[%emt 0:34:34]} Kxf7 {[%emt 0:26:53]} 27. fxe5 {[%emt 0:32:08]} fxe5 {[%emt 0:26:42]} 28. Rc1 {[%emt 0:29:17]} Kf6 {[%emt 0:24:07]} 29. g4 {[%emt 0:29:24] [#]} h5 $1 {[%emt 0:21:55]} 30. h3 {[%emt 0:28:20]} hxg4 {[%emt 0:20:54]} 31. hxg4 {[%emt 0:28:45]} Kg5 {[%emt 0:18:54]} 32. Rc3 {[%emt 0:18:54]} Rfe8 {[%emt 0:16:30]} 33. Re4 {[%emt 0:16:30]} Nb5 {[%emt 0:16:34]} 34. Rh3 {[%emt 0:15:47]} Rd1+ {[%emt 0:11:56]} 35. Kh2 {[%emt 0:11:56]} Ra1 {[%emt 0:11:02]} 36. Ree3 {[%emt 0:08:44]} Ra2 {[%emt 0:10:24]} 37. Kg3 {[%emt 0:08:28]} Rxa3 {[%emt 0:08:28]} 38. Rh5+ {[%emt 0:06:45]} Kf6 {[%emt 0:06:45]} 39. Rxa3 {[%emt 0:06:44]} Nxa3 {[%emt 0:10:40]} 40. Be4 {[%emt 0:07:02]} Rd8 {[%emt 0:07:02]} 41. g5+ {[%emt 0:07:19]} Kf7 {[%emt 0:09:57]} 42. Rh7 {[%emt 0:09:57]} Rd4 {[%emt 0:05:57]} 43. f6 {[%emt 0:22:35]} Rxe4 {[%emt 0:22:35]} 44. Rxg7+ {[%emt 0:22:35]} Ke6 {[%emt 0:30:13]} 45. Re7+ {[%emt 0:22:24]} Kd5 {[%emt 0:29:03]} 46. g6 {[%emt 0:29:03]} Re1 $18 {[%emt 0:23:50]} 47. f7 {[%emt 0:17:03]} 1-0

[Event "1.FrauenBL 2016-17"]
[Site "Berlin"]
[Date "2017.04.29"]
[Round "11.7"]
[White "Vidonyak, Nellya"]
[Black "Videnova, Iva"]
[Result "0-1"]
[WhiteElo "2120"]
[BlackElo "2370"]
[Annotator "NA"]
[PlyCount "100"]
[EventDate "2017.??.??"]
[EventType "team-tourn"]
[EventCountry "GER"]
[SourceTitle "playchess.com"]
[Source "ChessBase"]
[SourceQuality "1"]
[WhiteTeam "FC Bayern München"]
[BlackTeam "SK Schwäbisch Hall"]
[TimeControl "40/6000+30:3000+30"]

{[%evp 10,93,0,-6,-8,32767,-10,-7,-14,-45,10,32767,-28,-36,32767,-30,-20,-54,-17,-69,0,-27,-37,0,-25,-102,-60,-112,-97,32767,-154,32767,-177,32767,32767,-154,-208,-198,-199,32767,32767,-237,32767,32767,32767,32767,-183,32767,32767,32767,32767,-254,-195,32767,32767,-222,32767,32767,32767,-255,-247,-347,32767,32767,32767,32767,32767,32767,32767,32767,32767,32767,-1905,32767,32767,-1637,-1421,-1669,-836,-1520,-1490,32767,-767,32767,32767,-1069]} 1. b3 {[%emt 1:16:55]} g6 {[%emt 1:30:02]} 2. Bb2 {[%emt 1:17:11]} Nf6 {[%emt 1:30:23]} 3. e4 {[%emt 1:15:41]} Bg7 {[%emt 1:15:41]} 4. g3 {[%emt 1:15:43]} d6 {[%emt 1:24:11]} 5. Bg2 {[%emt 1:15:52]} e5 {[%emt 1:15:08] LiveBook: 14 Games} 6. Ne2 {[%emt 1:14:36]} h5 {[%emt 1:12:57]} 7. h3 {[%emt 1:12:04]} c5 {[%emt 1:12:24]} 8. Nbc3 {[%emt 1:10:37]} Nc6 {[%emt 1:11:46]} 9. Nd5 {[%emt 1:10:07]} Be6 {[%emt 0:58:58]} (9... Nxd5 $15 10. exd5 Nd4) 10. Nxf6+ {[%emt 1:08:34]} Bxf6 {[%emt 0:59:12]} 11. Nc3 {[%emt 1:08:37]} Qd7 {[%emt 0:57:23]} 12. Nd5 {[%emt 1:08:21]} Bg7 {[%emt 0:57:13]} 13. d3 {[%emt 0:57:13]} Rc8 {[%emt 0:48:52]} 14. f4 {[%emt 0:59:07]} (14. h4 $11) 14... O-O {[%emt 0:46:01]} (14... Bxd5 $15 15. exd5 Nd4) 15. f5 {[%emt 0:42:40]} Bxd5 {[%emt 0:45:03]} 16. exd5 {[%emt 0:43:02]} Ne7 {[%emt 0:43:02]} 17. g4 {[%emt 0:38:57]} (17. fxg6 $1 $11 fxg6 18. g4) 17... gxf5 {[%emt 0:44:39]} 18. gxh5 {[%emt 0:34:09]} Bh6 {[%emt 0:39:10]} 19. Bc1 {[%emt 0:39:10]} Bxc1 {[%emt 0:30:51]} 20. Qxc1 {[%emt 0:28:35]} f4 {[%emt 0:35:26]} 21. Bf3 {[%emt 0:28:47]} Kh8 {[%emt 0:25:14]} 22. Qd2 {[%emt 0:28:14] [#]} Rg8 $1 {[%emt 0:24:58]} 23. Bg4 {[%emt 0:19:43]} f5 {[%emt 0:21:06]} ({Don't take} 23... Rxg4 24. hxg4 Qxg4 25. Qe2 Qg3+ 26. Qf2 $15) 24. Bf3 {[%emt 0:20:12]} Rg3 {[%emt 0:20:12]} 25. Qf2 {[%emt 0:18:21]} Qe8 {[%emt 0:15:42]} 26. O-O-O {[%emt 0:16:51]} Qf7 {[%emt 0:15:55]} 27. c4 {[%emt 0:15:28]} Rcg8 {[%emt 0:14:25]} 28. Rdf1 {[%emt 0:12:04]} R8g7 {[%emt 0:13:48]} 29. Qb2 {[%emt 0:11:56]} Ng8 {[%emt 0:13:41]} 30. b4 {[%emt 0:09:24]} b6 {[%emt 0:09:24]} 31. h6 {[%emt 0:14:11]} Rh7 {[%emt 0:11:15]} 32. bxc5 {[%emt 0:06:17]} bxc5 {[%emt 0:11:33]} 33. Bd1 {[%emt 0:11:33]} Qf8 {[%emt 0:10:34]} 34. Kb1 {[%emt 0:02:56]} Qxh6 {[%emt 0:10:31]} 35. Qb8 {[%emt 0:02:44]} Rgg7 {[%emt 0:07:09]} 36. Bb3 {[%emt 0:07:09]} Qf6 {[%emt 0:05:16]} 37. Rfg1 {[%emt 0:05:16]} f3 {[%emt 0:02:10]} 38. Rf1 {[%emt 0:01:36]} e4 {[%emt 0:03:23]} 39. Rhg1 {[%emt 0:01:12]} Qd4 {[%emt 0:01:12]} 40. Rxg7 {[%emt 0:00:51]} Qxd3+ {[%emt 0:00:22]} 41. Kb2 {[%emt 0:01:12]} Rxg7 {[%emt 0:00:38]} 42. Rd1 {[%emt 0:00:44]} Qe2+ {[%emt 0:00:42]} 43. Ka3 {[%emt 0:00:54]} Qh2 {[%emt 0:00:38]} 44. Qf8 {[%emt 0:29:38]} Qe5 {[%emt 0:30:31]} 45. h4 {[%emt 0:30:31]} Qf6 {[%emt 0:20:44]} (45... e3 $142 46. h5 Qc3) 46. Qe8 {[%emt 0:26:02]} Qf7 {[%emt 0:19:47]} 47. Qxf7 $19 {[%emt 0:19:19]} Rxf7 {[%emt 0:20:08]} 48. Rf1 {[%emt 0:19:20]} Nf6 {[%emt 0:20:31]} 49. Bd1 {[%emt 0:19:14]} Ng4 {[%emt 0:20:54]} 50. Ba4 {[%emt 0:16:23]} Ne3 {[%emt 0:21:04]} 0-1

[Event "1.FrauenBL 2016-17"]
[Site "Berlin"]
[Date "2017.04.29"]
[Round "11.7"]
[White "Hapala, Elisabeth"]
[Black "Naiditsch, Irina"]
[Result "0-1"]
[WhiteElo "2091"]
[BlackElo "2237"]
[Annotator "NA"]
[PlyCount "114"]
[EventDate "2017.??.??"]
[EventType "team-tourn"]
[EventCountry "GER"]
[SourceTitle "playchess.com"]
[Source "ChessBase"]
[SourceQuality "1"]
[WhiteTeam "SG Augsburg"]
[BlackTeam "SF Deizisau"]
[TimeControl "40/6000+30:3000+30"]

1. e4 {[%emt 1:30:28]} c5 {[%emt 1:30:19]} 2. Nf3 {[%emt 1:30:53]} Nc6 {[%emt 1:31:18]} 3. d4 {[%emt 1:31:18]} cxd4 {[%emt 1:30:53]} 4. Nxd4 {[%emt 1:30:53]} Qb6 {[%emt 1:31:15]} 5. Nb3 {[%emt 1:32:05]} Nf6 {[%emt 1:31:08]} 6. Nc3 {[%emt 1:31:08]} e6 {[%emt 1:31:25]} 7. Bd3 {[%emt 1:32:49]} a6 {[%emt 1:32:49]} 8. Be3 {[%emt 1:33:06]} Qc7 {[%emt 1:30:58]} 9. f4 {[%emt 1:33:25]} d6 {[%emt 1:33:25]} 10. Qf3 {[%emt 1:33:38]} b5 {[%emt 1:30:11] B33: Sicilian: Pelikan and Sveshnikov Variations} 11. a4 {[%emt 1:31:34]} b4 {[%emt 1:28:38]} 12. Nb1 $146 {[%emt 1:31:19]} (12. Ne2 g6 13. Nd2 Bb7 14. O-O Bg7 15. Rae1 O-O 16. Kh1 Nd7 17. b3 Na5 18. Qh3 {1-0 (35) Naiditsch,A (2711)-Carow,J (2410) Deizisau 2015}) 12... e5 {[%emt 1:31:19]} 13. f5 {[%emt 1:30:33]} Bb7 {[%emt 1:30:33]} 14. N1d2 {[%emt 1:30:33]} Be7 {[%emt 1:01:08]} 15. g4 {[%emt 1:29:00]} d5 {[%emt 0:56:08]} 16. g5 {[%emt 1:27:35]} d4 {[%emt 0:53:44]} 17. Bf2 {[%emt 0:53:44]} Nd7 {[%emt 0:54:02]} 18. h4 {[%emt 1:25:58]} h6 {[%emt 0:44:18]} 19. O-O-O {[%emt 1:05:45]} hxg5 {[%emt 1:05:45]} 20. hxg5 {[%emt 1:06:10]} Rxh1 {[%emt 1:06:10]} 21. Rxh1 {[%emt 1:02:04]} Bxg5 {[%emt 0:35:31]} 22. Qh5 {[%emt 1:01:43]} Bf6 {[%emt 1:01:43]} 23. Bh4 {[%emt 1:00:27]} (23. Rg1 $16) 23... O-O-O {[%emt 0:32:46]} 24. Bxf6 {[%emt 0:50:15]} Nxf6 {[%emt 0:33:10]} 25. Qg5 {[%emt 0:50:41]} Rg8 {[%emt 0:33:04]} 26. Nc5 {[%emt 0:47:10]} Na5 {[%emt 0:29:01]} 27. Nxb7 {[%emt 0:29:01]} ({But not} 27. Nxa6 $2 Qd6 28. Qg3 Bxa6 $19) 27... Kxb7 {[%emt 0:29:28]} 28. b3 {[%emt 0:43:51]} Ka7 {[%emt 0:28:40]} 29. Qg2 {[%emt 0:35:24]} Qc5 {[%emt 0:16:27]} 30. Qe2 {[%emt 0:30:36]} Qc6 {[%emt 0:30:36]} 31. Kb1 {[%emt 0:28:21]} Nb7 {[%emt 0:06:58]} 32. Nf3 {[%emt 0:19:25]} Nd7 {[%emt 0:19:25]} 33. Qh2 {[%emt 0:05:29]} f6 {[%emt 0:04:29]} 34. Bc4 {[%emt 0:03:07]} Rc8 {[%emt 0:03:07]} ({Not} 34... Qxe4 $2 35. Nd2 (35. Bxg8 Qxf3 36. Rg1 Ndc5 $11) 35... Qxf5 36. Bxg8 $18) 35. Qe2 {[%emt 0:04:39]} Nd6 {[%emt 0:04:21]} 36. Bd5 {[%emt 0:01:39]} Qc3 {[%emt 0:04:24]} 37. Rh7 {[%emt 0:01:32]} (37. Be6 {might work better.} Rc7 38. Bxd7 Rxd7 39. Rg1) 37... Nc5 {[%emt 0:02:34]} 38. Rxg7+ {[%emt 0:01:47]} Kb6 {[%emt 0:03:02]} 39. Ne1 {[%emt 0:00:27]} Rh8 {[%emt 0:00:27]} 40. Rg1 {[%emt 0:00:13]} Rh3 {[%emt 0:00:13]} 41. Qg4 {[%emt 0:15:58]} Re3 {[%emt 0:15:58]} 42. a5+ {[%emt 0:29:50]} Kxa5 {[%emt 0:05:23]} 43. Qg8 {[%emt 0:00:47]} Rxe1+ {[%emt 0:00:47]} 44. Rxe1 {[%emt 0:01:15]} Qxe1+ {[%emt 0:28:05]} 45. Ka2 {[%emt 0:28:05]} Ncb7 {[%emt 0:01:43]} 46. Bxb7 {[%emt 0:26:46]} Nxb7 {[%emt 0:00:58]} 47. Qd5+ {[%emt 0:00:29]} Kb6 {[%emt 0:00:29]} 48. Qe6+ {[%emt 0:00:56]} Ka7 {[%emt 0:00:56]} 49. Qxf6 {[%emt 0:01:22]} Qxe4 {[%emt 0:01:22]} 50. Kb2 {[%emt 0:01:45]} d3 {[%emt 0:23:28]} 51. cxd3 {[%emt 0:02:03]} Qe2+ {[%emt 0:23:53]} 52. Kc1 {[%emt 0:00:42]} Qe1+ {[%emt 0:24:11]} 53. Kb2 {[%emt 0:01:06]} Qc3+ {[%emt 0:24:14]} 54. Ka2 {[%emt 0:24:14]} Qc2+ {[%emt 0:24:35]} 55. Ka1 {[%emt 0:01:59]} Qc1+ {[%emt 0:24:56]} 56. Ka2 {[%emt 0:02:23]} Qa3+ {[%emt 0:02:23]} 57. Kb1 {[%emt 2:20:31]} Qxb3+ {[%emt 0:25:45]} 0-1

[Event "1.FrauenBL 2016-17"]
[Site "Berlin"]
[Date "2017.04.29"]
[Round "11.8"]
[White "Papp, Petra"]
[Black "Ankerst, Milka"]
[Result "1-0"]
[WhiteElo "2378"]
[BlackElo "2064"]
[Annotator "NA"]
[PlyCount "59"]
[EventDate "2017.??.??"]
[EventType "team-tourn"]
[EventCountry "GER"]
[SourceTitle "playchess.com"]
[Source "ChessBase"]
[SourceQuality "1"]
[WhiteTeam "SK Schwäbisch Hall"]
[BlackTeam "FC Bayern München"]
[TimeControl "40/6000+30:3000+30"]

{[%evp 22,59,46,45,55,52,51,35,38,45,59,32,45,76,52,56,64,57,67,76,103,32767,451,32767,32767,499,32767,32767,984,814,32767,837,32767,32767,858,802,1077,32767,32767,2170]} 1. e4 {[%emt 1:30:24]} c5 {[%emt 1:30:19]} 2. Nf3 {[%emt 1:30:39]} Nc6 {[%emt 1:30:36]} 3. Nc3 {[%emt 1:30:39]} g6 {[%emt 1:30:29]} 4. d4 {[%emt 1:30:34]} cxd4 {[%emt 1:30:34]} 5. Nxd4 {[%emt 1:30:58]} Bg7 {[%emt 1:31:15]} 6. Be3 {[%emt 1:31:15]} Nf6 {[%emt 1:28:58]} 7. Bc4 {[%emt 1:29:55]} Qa5 {[%emt 1:27:57]} 8. O-O {[%emt 1:27:57]} O-O {[%emt 1:27:57]} 9. Bb3 {[%emt 1:24:44]} d6 {[%emt 1:27:47]} 10. h3 {[%emt 1:23:52]} Bd7 {[%emt 1:26:37]} 11. Re1 {[%emt 1:20:51]} Nxd4 {[%emt 1:17:29]} 12. Bxd4 {[%emt 1:17:29]} Bc6 {[%emt 1:20:52] B35: Sicilian: Accelerated Dragon with 5 Nc3: main line} 13. Nd5 {[%emt 1:11:31]} Bxd5 {[%emt 1:14:41]} 14. exd5 {[%emt 1:14:50]} Rfe8 {[%emt 1:14:50] LiveBook: 16 Games} 15. c3 {[%emt 1:08:03]} ({Relevant:} 15. c4 a6 16. Re3 Rac8 17. Bc3 Qc5 18. a3 Nd7 19. Bxg7 Kxg7 20. Ba2 {½-½ (42) Havelka,J (2330)-Gasanov,E (2466) Marianske Lazne 2017}) 15... a6 {[%emt 1:13:13]} 16. Be3 $146 {[%emt 1:13:13]} ({Predecessor (4):} 16. Qf3 Nd7 17. Bxg7 Kxg7 18. Re3 Nf6 19. Rae1 Qc7 20. g4 {1-0 (34) Pecha,T (2239)-Certek,P (2322) Slovakia 2011}) 16... Rac8 {[%emt 1:09:19]} 17. Bg5 {[%emt 0:49:00]} Rc5 {[%emt 1:04:24]} 18. Qf3 {[%emt 1:04:24]} Qd8 {[%emt 0:57:41]} 19. Re2 {[%emt 0:57:41]} Nd7 {[%emt 0:55:46]} 20. Rae1 {[%emt 0:40:54]} Be5 {[%emt 0:40:54]} 21. h4 {[%emt 0:35:01]} h5 $2 {[%emt 0:40:22]} (21... Qc8 $16) 22. Rxe5 {[%emt 0:24:32]} Nxe5 {[%emt 0:24:32] [#]} 23. Rxe5 $1 {[%emt 0:24:24]} f6 {[%emt 0:34:29]} 24. Re6 {[%emt 0:23:30]} Rf8 {[%emt 0:28:30]} 25. Bh6 {[%emt 0:28:30]} Rf7 {[%emt 0:27:42]} 26. Bc2 {[%emt 0:27:42]} Rh7 {[%emt 0:27:28]} 27. Be3 {[%emt 0:20:36]} Rc4 {[%emt 0:20:36]} 28. Bxg6 {[%emt 0:19:50]} Rxh4 {[%emt 0:18:44]} 29. Bxh7+ {[%emt 0:19:26]} Kxh7 {[%emt 0:19:26]} 30. g3 $18 {[%emt 0:15:46]} 1-0

[Event "1.FrauenBL 2016-17"]
[Site "Berlin"]
[Date "2017.04.29"]
[Round "11.8"]
[White "Schleining, Zoya"]
[Black "Georgescu, Lena"]
[Result "1-0"]
[WhiteElo "2349"]
[BlackElo "2187"]
[Annotator "ChessBase"]
[PlyCount "41"]
[EventDate "2017.??.??"]
[EventType "team-tourn"]
[EventCountry "GER"]
[SourceTitle "playchess.com"]
[Source "ChessBase"]
[SourceQuality "1"]
[WhiteTeam "SF Deizisau"]
[BlackTeam "SG Augsburg"]
[TimeControl "40/6000+30:3000+30"]

1. d4 {[%emt 1:30:27]} f5 {[%emt 1:30:23]} 2. Nc3 {[%emt 1:30:44]} Nf6 {[%emt 1:30:44]} 3. Bg5 {[%emt 1:31:01]} d5 {[%emt 1:31:13]} 4. e3 {[%emt 1:31:02]} e6 {[%emt 1:30:18]} 5. Nf3 {[%emt 1:29:56]} Be7 {[%emt 1:29:56]} 6. Bd3 {[%emt 1:29:22]} O-O {[%emt 1:29:22]} 7. O-O {[%emt 1:28:19]} b6 {[%emt 1:22:37]} 8. Ne2 {[%emt 1:16:31]} h6 {[%emt 1:16:31]} 9. Bxf6 {[%emt 1:09:23]} Bxf6 {[%emt 1:09:39]} 10. c4 {[%emt 1:13:42]} c6 {[%emt 1:05:39]} 11. Rc1 {[%emt 1:08:32]} Bb7 {[%emt 1:08:32]} 12. Qb3 {[%emt 7:27:29]} g5 {[%emt 0:55:31]} 13. Ne5 {[%emt 0:49:56]} Bxe5 {[%emt 0:45:44]} 14. dxe5 {[%emt 0:50:07]} Nd7 {[%emt 0:50:07]} 15. cxd5 {[%emt 0:48:51]} Nc5 {[%emt 0:48:51]} 16. Rxc5 {[%emt 0:43:52]} bxc5 {[%emt 0:44:11]} 17. d6 {[%emt 0:45:43]} Qd7 {[%emt 0:41:03]} 18. Bc4 {[%emt 0:44:14]} Rfe8 {[%emt 0:40:58]} 19. f4 {[%emt 0:43:56]} Kg7 {[%emt 0:36:45]} 20. Ng3 {[%emt 0:40:46]} Kg6 {[%emt 0:36:48]} 21. e4 {[%emt 0:36:25]} 1-0